Biotechnologija : teoretičeskij i naučno-praktičeskij žurnal

Uloženo v:
Podrobná bibliografie
Médium: Seriál
Jazyk:ruština
Vydáno: Moskva : Biotechnologičeskaja akademija Rossijskoj federacii
Témata:
ISSN:0234-2758
On-line přístup: Získat plný text
Tagy: Přidat tag
Žádné tagy, Buďte první, kdo vytvoří štítek k tomuto záznamu!

MARC

LEADER 00000nas a2200000 4500
003 SK-BrCVT
005 20220617225023.0
008 060515u199u9999rur e c rus
022 |a 0234-2758 
035 |a CVTIDW1256743 
040 |b slo  |a BA002  |e AACR2 
041 0 |a rus 
044 |a rur  |c RU 
080 |a 620.95(05)  |2 UDC-MRF 
080 |a 663.11(05)  |2 UDC-MRF 
080 |a 577.002.8(05)  |2 UDC-MRF 
245 1 0 |a Biotechnologija :  |b teoretičeskij i naučno-praktičeskij žurnal 
260 |a Moskva :  |b Biotechnologičeskaja akademija Rossijskoj federacii 
310 |a Mesačník 
500 |a Vo fonde od roku:1986 
500 |a Zmena vydav. Do r. 1992 Min. medicinskoj i mikrobiolog. prom. SSSR; Zmena period. Do r. 1992 dvojmesačník; 
500 |a Od r. 1994 zrušený odber. 
653 1 |a biotechnológia  |a biotechnologické priemyselné postupy 
655 4 |a časopisy 
910 |b C6882 
959 |a 43 
974 |f Periodiká 
992 |a BCA 
999 |c 159219  |d 159219